Estadísticas para Prueba de Burundi

Haz click aquí para tomar la prueba!

Estadísticas generales

  • Esta prueba ha sido tomada 112 veces
  • La puntuación promedio es 12 de 17

Estadísticas de respuestas

PreguntaRespuesta% Correcto
Países limítrofesRuanda
97%
Países limítrofesTanzania
95%
Países limítrofesRepública Democrática del Congo
94%
Otro país que colonizó BurundiAlemania
91%
Idiomas oficialesFrancés
88%
Idiomas oficialesInglés
85%
País del que Burundi obtuvo su independencia en 1962Bélgica
78%
Una persona de Italia es un italiano. ¿Qué es una persona de Burundi?Burundés
75%
Las dos mayores exportaciones de BurundiOro
72%
Capital de BurundiGitega
70%
Capital antes de 2019Buyumbura
67%
Idioma que, aunque no es oficial, se habla como lengua franca en la regiónSuajili
64%
Burundi toca este lago, el segundo más
antiguo y el tercero más grande del mundo
Lago Tanganica
57%
Las dos mayores exportaciones de BurundiCafé
55%
Nombra uno de los tres grupos étnicos nativos de BurundiHutu | Tutsi | Twa
53%
Valle en el que se encuentra BurundiGran Valle del {Rift}
52%
Idiomas oficialesKirundi
30%

Distribución de puntuación

Porcentaje por número respondido

Porcentaje de gente con cada puntuación

Historial de tus puntuaciones

No has tomado esta prueba